Score 0/25 Timer 08:00
5 Plays Today
% Correct
Garfield
97.6%
Peanuts
96.2%
Dilbert
88.9%
Calvin and Hobbes
86.1%
Dennis the Menace
79%
Dick Tracy
69.5%
Hägar the Horrible
68.9%
Beetle Bailey
65.1%
Marmaduke
64.8%
Blondie
64.8%
Cathy
63.9%
The Family Circus
63%
B.C.
61.4%
% Correct
Andy Capp
53.8%
Doonesbury
50.7%
The Far Side
50.5%
Ziggy
48.9%
Zits
42.7%
The Boondocks
42.4%
Heathcliff
40.5%
Wizard of Id
40.1%
Hi and Lois
35.6%
FoxTrot
34%
Baby Blues
32.7%
Bloom County
22.1%

You're not logged in!

Compare scores with friends on all Sporcle quizzes.
OR
Log In

Sporcle TV

Today on Sporcle TV


Watch our educational content, quiz creation guides, and fun videos on Sporcle TV.

Show Comments

Extras

Top Quizzes Today


Score Distribution

Paid Content

Your Account Isn't Verified!

In order to create a playlist on Sporcle, you need to verify the email address you used during registration. Go to your Sporcle Settings to finish the process.

Report this User

Report this user for behavior that violates our Community Guidelines.

Details: